00421 2200169 4500001002100000005001500021035002000036245007000056100001500126300001200141260004000153082000800193084001400201990001200215990001200227990001200239INLIS00000000000190820250520094330 a0010-05250002001 aRevolusi Belajar :bKumpulan Rumus XI IPA /cDr.Ir.Bob Foster,M.M0 aBob Foster a178 hlm aBandung :bGanesha Operation,c2016 a500 a500 BOB r a0754778 a0754779 a0754780